| 000 -LEADER |
| fixed length control field |
00724cam a22002411 4500 |
| 005 - DATE AND TIME OF LATEST TRANSACTION |
| control field |
20131011051348.0 |
| 008 - FIXED-LENGTH DATA ELEMENTS--GENERAL INFORMATION |
| fixed length control field |
730226s1970 au b 000 0 ger |
| 020 ## - INTERNATIONAL STANDARD BOOK NUMBER |
| International Standard Book Number |
3211809821 |
| 041 0# - LANGUAGE CODE |
| Language code of text/sound track or separate title |
ger |
| 080 ## - UNIVERSAL DECIMAL CLASSIFICATION NUMBER |
| Universal Decimal Classification number |
164.1 : 510 |
| 100 1# - Rafti |
| Rafti |
Kraft, Viktor, |
| 100 1# - Rafti |
| -- |
1880-1975. |
| 245 10 - TITLE STATEMENT |
| Title |
Mathematik, Logik und Erfahrung / |
| 250 ## - |
| -- |
2., neubearb. Aufl. |
| 260 ## - |
| -- |
Wien : |
| -- |
New York : |
| -- |
Springer ; |
| -- |
1970. |
| 300 ## - |
| -- |
104 p. |
| -- |
24 cm. |
| 440 #0 - |
| -- |
Library of exact philosophy, |
| -- |
2 |
| 500 ## - |
| -- |
General preface to the LEP / Mario Bunge f. : [I] |
| 500 ## - |
| -- |
Vorwort f. : [III] |
| 504 ## - BIBLIOGRAPHY, ETC. NOTE |
| Bibliography, etc |
Bibliography: p. [98]-104. |
| 650 #0 - |
| -- |
Logjika |
| -- |
Filozofia |
| 650 #0 - |
| -- |
Logjika simbolike dhe matematike |
| 942 ## - ADDED ENTRY ELEMENTS (KOHA) |
| Source of classification or shelving scheme |
|
| Item type |
Books |